000 00422nam a2200133Ia 4500
008 100328s9999 xx 000 0 und d
082 _b37337
100 _aराजे नयना
245 _aमी जिंकले मी हरले
260 _bनवचैतन्य
630 _aमी जिंकले मी हरले
730 _aमी जिंकले मी हरले
942 _cBOOK
999 _c526783
_d526780